| 000 | 00514nam a2200181Ia 4500 | ||
|---|---|---|---|
| 003 | IN-BaIIA | ||
| 008 | 211028s9999 xx 000 0 eng d | ||
| 040 | _cIIA Library | ||
| 080 |
_a521.1 _bSTE-1 |
||
| 100 |
_aSternberg, Shlomo _96955 |
||
| 245 | 0 |
_aCelestial mechanics _bpt. 1 _cShlomo Stenberg |
|
| 260 |
_aNew York _bW. A. Benjamin _c1969 |
||
| 300 | _axxi, 158p. | ||
| 490 | _aMathematics lecture note series | ||
| 650 | _aAstronomy and astrophysics thesaurus | ||
| 650 | _aCelestial mechanics | ||
| 942 | _cBK | ||
| 999 |
_c3907 _d3907 |
||